[Event "Mittelfrank Regionalliga Nord-West 2223"]
[Site "Mittelfranken"]
[Date "2023.03.19"]
[Round "8.4"]
[White "Roth, Ludwig"]
[Black "Pietersma, Menno"]
[Result "0-1"]
[WhiteElo "1908"]
[BlackElo "2088"]
[PlyCount "84"]
[EventDate "2022.10.09"]
[EventType "team-tourn"]
[EventRounds "9"]
[EventCountry "GER"]
[SourceTitle "EXT 2024"]
[Source "ChessBase"]
[SourceDate "2023.10.10"]
[SourceVersion "1"]
[SourceVersionDate "2023.10.10"]
[SourceQuality "1"]
[WhiteTeam "Stetten"]
[BlackTeam "Aschaffenburg"]
[WhiteTeamCountry "GER"]
[BlackTeamCountry "GER"]

1. e4 d5 2. exd5 Qxd5 3. Nc3 Qd6 4. Bc4 Nf6 5. d4 a6 6. h3 b5 7. Bb3 Bb7 8. Nf3 Nc6 9. 0-0 Rd8 10. Be3 h6 11. Ne2 g5 12. Ng3 e6 13. c3 g4 14. hxg4 Nxg4 15. Ne4 Qe7 16. Nc5 Na5 17. Nxb7 Nxb7 18. Bf4 c6 19. Re1 Rg8 20. Ne5 Nxe5 21. Bxe5 Bg7 22. Qg4 Kf8 23. Qf3 Bxe5 24. Rxe5 Rd6 25. Rae1 Rg6 26. d5 cxd5 27. Bxd5 Nc5 28. Qe3 Nd7 29. Rf5 Qd8 30. Bxe6 Rdxe6 31. Qxe6 Rxe6 32. Rxe6 Kg7 33. Rxa6 Qe7 34. Rxb5 Qe1+ 35. Kh2 Qxf2 36. Ra4 Nf6 37. Rb7 h5 38. Raa7 Ng4+ 39. Kh3 Ne5 40. Ra4 Kg6 41. Ra6+ Kg5 42. Ra5 Qh4# 0-1

[Event "Mittelfrank Regionalliga Nord-West 2223"]
[Site "Mittelfranken"]
[Date "2022.12.11"]
[Round "4.3"]
[White "Roth, Ludwig"]
[Black "Wichmann, Adrian"]
[Result "0-1"]
[WhiteElo "1908"]
[BlackElo "2064"]
[PlyCount "62"]
[EventDate "2022.10.09"]
[EventType "team-tourn"]
[EventRounds "9"]
[EventCountry "GER"]
[SourceTitle "EXT 2024"]
[Source "ChessBase"]
[SourceDate "2023.10.10"]
[SourceVersion "1"]
[SourceVersionDate "2023.10.10"]
[SourceQuality "1"]
[WhiteTeam "Stetten"]
[BlackTeam "Bamberg II"]
[WhiteTeamCountry "GER"]
[BlackTeamCountry "GER"]

1. e4 c5 2. d4 cxd4 3. c3 d3 4. Bxd3 g6 5. Nf3 Bg7 6. 0-0 Nc6 7. Be3 Nf6 8. h3 0-0 9. c4 d6 10. Nc3 Nd7 11. Rc1 Nde5 12. b3 Qa5 13. Nxe5 Nxe5 14. Qd2 Bxh3 15. f3 Bd7 16. Bb1 Bc6 17. g4 b5 18. Kf2 bxc4 19. Rh1 Rfc8 20. Rh2 Nd7 21. b4 Qxb4 22. Bd4 Bxd4+ 23. Qxd4 Qb6 24. Qxb6 axb6 25. Ne2 b5 26. Rch1 Nf8 27. f4 e5 28. Ke3 Ra3+ 29. Kd2 b4 30. Kc1 Rf3 31. f5 Ba4 0-1

[Event "Mittelfrank Regionalliga Nord-West 2223"]
[Site "Mittelfranken"]
[Date "2022.11.27"]
[Round "3.4"]
[White "Roth, Ludwig"]
[Black "Hiernickel, Alexander"]
[Result "1-0"]
[WhiteElo "1908"]
[BlackElo "1852"]
[PlyCount "51"]
[EventDate "2022.10.09"]
[EventType "team-tourn"]
[EventRounds "9"]
[EventCountry "GER"]
[SourceTitle "EXT 2024"]
[Source "ChessBase"]
[SourceDate "2023.10.10"]
[SourceVersion "1"]
[SourceVersionDate "2023.10.10"]
[SourceQuality "1"]
[WhiteTeam "Stetten"]
[BlackTeam "Rottendorf"]
[WhiteTeamCountry "GER"]
[BlackTeamCountry "GER"]

1. e4 c6 2. Bc4 d5 3. Bb3 dxe4 4. Qh5 g6 5. Qh4 Nf6 6. Nc3 Bg7 7. f3 e3 8. dxe3 0-0 9. e4 b5 10. Be3 a5 11. a3 Ba6 12. Nge2 b4 13. axb4 axb4 14. Na4 Bxe2 15. Kxe2 Nbd7 16. Rhd1 Qc7 17. Nc5 Rfe8 18. Rxa8 Rxa8 19. Nxd7 Nxd7 20. Qxe7 Rd8 21. Bg5 Qxh2 22. Bxf7+ Kh8 23. Qxd8+ Nf8 24. Qxf8+ Bxf8 25. Bf6+ Bg7 26. Rd8# 1-0

[Event "Mittelfrank Regionalliga Nord-West 2223"]
[Site "Mittelfranken"]
[Date "2022.10.09"]
[Round "1.3"]
[White "Schwarzmann, Tobias"]
[Black "Roth, Ludwig"]
[Result "1-0"]
[WhiteElo "1960"]
[BlackElo "1908"]
[PlyCount "63"]
[EventDate "2022.10.09"]
[EventType "team-tourn"]
[EventRounds "9"]
[EventCountry "GER"]
[SourceTitle "EXT 2024"]
[Source "ChessBase"]
[SourceDate "2023.10.10"]
[SourceVersion "1"]
[SourceVersionDate "2023.10.10"]
[SourceQuality "1"]
[WhiteTeam "Hoechstadt/Aisch"]
[BlackTeam "Stetten"]
[WhiteTeamCountry "GER"]
[BlackTeamCountry "GER"]

1. d4 Nf6 2. Nf3 g6 3. c4 Bg7 4. Nc3 0-0 5. e4 d6 6. h3 e5 7. d5 a5 8. a3 Nbd7 9. Be3 Nc5 10. Nd2 Ne8 11. g4 Bd7 12. b4 axb4 13. axb4 Rxa1 14. Qxa1 Na6 15. Qb2 b6 16. c5 Nb8 17. c6 Bc8 18. b5 f5 19. gxf5 gxf5 20. exf5 Bxf5 21. Nce4 Nf6 22. Ng3 Bg6 23. Bg2 h5 24. Be4 Nxe4 25. Ngxe4 Qh4 26. Bg5 Bxe4 27. Bxh4 Bxh1 28. Qb3 Bh6 29. Qd3 Kh8 30. Qg6 Bxd2+ 31. Kxd2 Bxd5 32. Bf6+ 1-0

[Event "Schweinfurt op 29th"]
[Site "Schweinfurt"]
[Date "2019.06.22"]
[Round "4"]
[White "Roth, Ludwig"]
[Black "Ankenbrand, Franz"]
[Result "1-0"]
[WhiteElo "1562"]
[BlackElo "1360"]
[PlyCount "43"]
[EventDate "2019.06.20"]
[EventType "swiss"]
[EventRounds "7"]
[EventCountry "GER"]
[SourceTitle "CBM 191 Extra"]
[Source "ChessBase"]
[SourceDate "2019.09.30"]
[SourceVersion "1"]
[SourceVersionDate "2019.09.30"]
[SourceQuality "1"]

1. e4 b6 2. d4 Bb7 3. Bd3 e6 4. Nc3 d6 5. Nge2 Nf6 6. 0-0 Be7 7. f4 0-0 8. Be3 Ba6 9. Bxa6 Nxa6 10. Ng3 c5 11. d5 Nc7 12. Qf3 a5 13. Rad1 Qd7 14. Rf2 b5 15. dxe6 Qxe6 16. e5 b4 17. exf6 Bxf6 18. Nce4 Be7 19. f5 Qxa2 20. f6 gxf6 21. Nf5 Rfe8 22. Qg4+ 1-0

[Event "Schweinfurt op 29th"]
[Site "Schweinfurt"]
[Date "2019.06.21"]
[Round "3"]
[White "Kwossek, Martin"]
[Black "Roth, Ludwig"]
[Result "1-0"]
[WhiteElo "1800"]
[BlackElo "1562"]
[PlyCount "103"]
[EventDate "2019.06.20"]
[EventType "swiss"]
[EventRounds "7"]
[EventCountry "GER"]
[SourceTitle "CBM 191 Extra"]
[Source "ChessBase"]
[SourceDate "2019.09.30"]
[SourceVersion "1"]
[SourceVersionDate "2019.09.30"]
[SourceQuality "1"]

1. d4 Nf6 2. Nf3 g6 3. Bf4 Bg7 4. e3 0-0 5. Be2 d6 6. Nbd2 Nc6 7. h3 Re8 8. 0-0 e5 9. dxe5 dxe5 10. Bg5 Qe7 11. c3 Be6 12. Bb5 h6 13. Bh4 g5 14. Bg3 Nd7 15. Bxc6 bxc6 16. e4 Rad8 17. Qc2 Rf8 18. Rfe1 Kh8 19. Qa4 Qc5 20. Rac1 Qb6 21. b4 f6 22. a3 h5 23. Qc2 Bh6 24. Rcd1 Rg8 25. c4 c5 26. Qc3 Nb8 27. Nb3 Rxd1 28. Rxd1 cxb4 29. axb4 h4 30. Bxe5 fxe5 31. Qxe5+ Kh7 32. Nbd4 Bxc4 33. Nf5 Qe6 34. Qxc7+ Qf7 35. Qd6 Be6 36. Ne5 Qe8 37. Ng4 Rg6 38. Ngxh6 Bxf5 39. Qc5 Kxh6 40. exf5 Rf6 41. Qc7 Nc6 42. b5 Ne5 43. Rd8 Qf7 44. Qxe5 Kh7 45. Re8 Kh6 46. Re6 Rxe6 47. fxe6 Qe7 48. Qf5 Qd8 49. Qf3 Qe7 50. g3 hxg3 51. fxg3 Qxe6 52. Qc6 1-0

[Event "Schweinfurt op 29th"]
[Site "Schweinfurt"]
[Date "2019.06.20"]
[Round "1"]
[White "Maar, Samuel"]
[Black "Roth, Ludwig"]
[Result "1-0"]
[WhiteElo "1966"]
[BlackElo "1562"]
[PlyCount "91"]
[EventDate "2019.06.20"]
[EventType "swiss"]
[EventRounds "7"]
[EventCountry "GER"]
[SourceTitle "CBM 191 Extra"]
[Source "ChessBase"]
[SourceDate "2019.09.30"]
[SourceVersion "1"]
[SourceVersionDate "2019.09.30"]
[SourceQuality "1"]

1. e4 e5 2. Nf3 Nc6 3. Bc4 Nf6 4. d3 Be7 5. 0-0 0-0 6. c3 d5 7. exd5 Nxd5 8. Re1 Bf6 9. Nbd2 Bg4 10. Ne4 Re8 11. h3 Bh5 12. g4 Bg6 13. Nxf6+ Nxf6 14. Bg5 Qd6 15. Nh4 Na5 16. Bb5 c6 17. Nxg6 hxg6 18. Ba4 Nd5 19. Qd2 b5 20. Bc2 Nb7 21. Rad1 f6 22. c4 Nb6 23. Be3 bxc4 24. dxc4 Qxd2 25. Bxd2 Kf7 26. Be4 Rac8 27. Bb4 Rc7 28. b3 Rd8 29. Rxd8 Nxd8 30. Rd1 Ne6 31. c5 Rd7 32. Rd6 Rxd6 33. cxd6 Nd4 34. Bc5 f5 35. gxf5 gxf5 36. Bxd4 exd4 37. Bxf5 c5 38. Kf1 Nd5 39. Ke2 Nc3+ 40. Kd3 Nd1 41. Kc4 Nxf2 42. Kxc5 d3 43. Kc6 d2 44. Bc2 Nd3 45. d7 Nb4+ 46. Kc7 1-0

[Event "GER-chT U16"]
[Site "Aurich"]
[Date "2018.12.28"]
[Round "3.3"]
[White "Roth, Ludwig"]
[Black "Reimer, Philip"]
[Result "0-1"]
[WhiteElo "1615"]
[BlackElo "1666"]
[PlyCount "90"]
[EventDate "2018.12.27"]
[EventType "team-swiss"]
[EventRounds "7"]
[EventCountry "GER"]
[SourceTitle "CBM 188 Extra"]
[Source "ChessBase"]
[SourceDate "2019.02.28"]
[SourceVersion "1"]
[SourceVersionDate "2019.02.28"]
[SourceQuality "1"]
[WhiteTeam "Stetten"]
[BlackTeam "Lehrte"]
[WhiteTeamCountry "GER"]
[BlackTeamCountry "GER"]

1. e4 c5 2. Nf3 d6 3. d4 cxd4 4. Nxd4 Nf6 5. Nc3 g6 6. f3 Bg7 7. Be3 0-0 8. Qd2 Nc6 9. 0-0-0 d5 10. Nxc6 bxc6 11. exd5 Nxd5 12. Nxd5 cxd5 13. Qxd5 Qc7 14. Bc4 Be6 15. Qc5 Qxc5 16. Bxc5 Bxc4 17. b3 Be6 18. Bxe7 Rfc8 19. c4 a5 20. g4 a4 21. Kc2 axb3+ 22. axb3 Ra2+ 23. Kd3 h5 24. gxh5 gxh5 25. Rhg1 Rxh2 26. Bf6 Bf5+ 27. Ke3 Bg6 28. Bxg7 Kxg7 29. Rc1 Rb2 30. Rc3 Rb8 31. c5 R2xb3 32. Rxb3 Rxb3+ 33. Kd4 Rb1 34. Rg2 Kf6 35. Re2 Rd1+ 36. Kc3 Kg5 37. Kb4 Kf4 38. Ka5 Kg3 39. c6 Rc1 40. Kb6 h4 41. c7 h3 42. Re1 Rc4 43. Kb7 Bf5 44. Ra1 h2 45. Kb8 Rc2 0-1

[Event "GER-chT U16"]
[Site "Aurich"]
[Date "2018.12.27"]
[Round "2.3"]
[White "Ganjali, Aska"]
[Black "Roth, Ludwig"]
[Result "0-1"]
[WhiteElo "1290"]
[BlackElo "1615"]
[PlyCount "70"]
[EventDate "2018.12.27"]
[EventType "team-swiss"]
[EventRounds "7"]
[EventCountry "GER"]
[SourceTitle "CBM 188 Extra"]
[Source "ChessBase"]
[SourceDate "2019.02.28"]
[SourceVersion "1"]
[SourceVersionDate "2019.02.28"]
[SourceQuality "1"]
[WhiteTeam "Gernsbach"]
[BlackTeam "Stetten"]
[WhiteTeamCountry "GER"]
[BlackTeamCountry "GER"]

1. e4 d6 2. d4 Nf6 3. Nc3 g6 4. Nf3 Bg7 5. Be3 0-0 6. Bd3 Nc6 7. 0-0 e5 8. dxe5 Nxe5 9. Nxe5 dxe5 10. h3 c6 11. Qd2 Be6 12. Bh6 Qc7 13. Bxg7 Kxg7 14. Qe3 Nh5 15. Ne2 c5 16. c3 Rad8 17. f4 exf4 18. Nxf4 Nxf4 19. Rxf4 Rxd3 20. Rxf7+ Qxf7 21. Qxd3 Qf2+ 22. Kh1 Rf7 23. b3 a6 24. c4 Rd7 25. Qc3+ Qd4 26. Qxd4+ cxd4 27. Rd1 Kf6 28. Kg1 Ke5 29. Kf2 Kxe4 30. Ke2 d3+ 31. Kd2 Kd4 32. Rf1 Rf7 33. Rxf7 Bxf7 34. h4 h5 35. g3 Be6 0-1

[Event "GER-ch U25-B"]
[Site "Willingen"]
[Date "2017.06.08"]
[Round "7"]
[White "Winterberg, Martin"]
[Black "Roth, Ludwig"]
[Result "0-1"]
[WhiteElo "1207"]
[BlackElo "1425"]
[PlyCount "62"]
[EventDate "2017.06.04"]
[EventType "swiss"]
[EventRounds "9"]
[EventCountry "GER"]
[SourceTitle "CBM 178 Extra"]
[Source "ChessBase"]
[SourceDate "2017.06.22"]
[SourceVersion "1"]
[SourceVersionDate "2017.06.22"]
[SourceQuality "1"]

1. e4 d6 2. d4 Nf6 3. Nc3 g6 4. Be3 Bg7 5. Qd2 c6 6. h4 b5 7. a3 Nbd7 8. Be2 Bb7 9. h5 a5 10. h6 Bf8 11. f3 Nb6 12. d5 b4 13. axb4 axb4 14. Rxa8 Bxa8 15. Bxb6 bxc3 16. Bxd8 cxd2+ 17. Kxd2 Kxd8 18. dxc6 Bxc6 19. b4 Nh5 20. b5 Ng3 21. Rh2 Nxe2 22. Nxe2 Bxb5 23. Nd4 Bd7 24. c4 Kc7 25. Kc3 e6 26. Nb5+ Bxb5 27. cxb5 Kb6 28. Kb4 d5+ 29. Ka4 dxe4 30. fxe4 Bd6 31. Rh3 Ra8+ 0-1

[Event "GER-ch U25-B"]
[Site "Willingen"]
[Date "2017.06.06"]
[Round "5"]
[White "Roth, Ludwig"]
[Black "Ding, Zheheng"]
[Result "0-1"]
[WhiteElo "1425"]
[BlackElo "1562"]
[PlyCount "54"]
[EventDate "2017.06.04"]
[EventType "swiss"]
[EventRounds "9"]
[EventCountry "GER"]
[SourceTitle "CBM 178 Extra"]
[Source "ChessBase"]
[SourceDate "2017.06.22"]
[SourceVersion "1"]
[SourceVersionDate "2017.06.22"]
[SourceQuality "1"]

1. e4 c5 2. Nf3 d6 3. d4 cxd4 4. Nxd4 Nf6 5. Nc3 a6 6. f3 e6 7. Be3 b5 8. a3 Bb7 9. Qd2 Qc7 10. 0-0-0 Nbd7 11. g4 Nb6 12. h4 Rc8 13. h5 h6 14. Rh2 b4 15. axb4 d5 16. Qf2 Nc4 17. Bxc4 Qxc4 18. g5 hxg5 19. Bxg5 Bxb4 20. Bxf6 gxf6 21. Qh4 Bxc3 22. Qxf6 Rh6 23. Qxh6 Bxd4 24. Qd2 Bf6 25. h6 Qa2 26. Qb4 Bg5+ 27. Rdd2 Qa1# 0-1

[Event "GER-ch U25-B"]
[Site "Willingen"]
[Date "2016.05.18"]
[Round "6"]
[White "Roth, Ludwig"]
[Black "Schulze, Lukas"]
[Result "0-1"]
[WhiteElo "1291"]
[BlackElo "1429"]
[PlyCount "54"]
[EventDate "2016.05.15"]
[EventType "swiss"]
[EventRounds "9"]
[EventCountry "GER"]
[SourceTitle "CBM 172 Extra"]
[Source "ChessBase"]
[SourceDate "2016.06.21"]
[SourceVersion "1"]
[SourceVersionDate "2016.06.21"]
[SourceQuality "1"]

1. e4 c5 2. Nf3 Nc6 3. d4 cxd4 4. Nxd4 Nf6 5. Nc3 e6 6. Be3 Bb4 7. f3 d5 8. Qd3 0-0 9. Nxc6 bxc6 10. 0-0-0 Qa5 11. Bd4 dxe4 12. Nxe4 Nxe4 13. Qxe4 Qxa2 14. c3 Qa1+ 15. Kc2 Qa4+ 16. Kd2 Be7 17. Bd3 f5 18. Qe2 Rb8 19. Rb1 Qa2 20. Bc2 Rxb2 21. Rxb2 Qxb2 22. Bxa7 Rd8+ 23. Ke3 Qxc3+ 24. Kf4 Bd6+ 25. Kg5 Qf6+ 26. Kh5 g6+ 27. Kh6 Bf4# 0-1

[Event "GER-ch U25-B"]
[Site "Willingen"]
[Date "2016.05.17"]
[Round "5"]
[White "Fromm, Marius"]
[Black "Roth, Ludwig"]
[Result "1-0"]
[WhiteElo "1461"]
[BlackElo "1291"]
[PlyCount "83"]
[EventDate "2016.05.15"]
[EventType "swiss"]
[EventRounds "9"]
[EventCountry "GER"]
[SourceTitle "CBM 172 Extra"]
[Source "ChessBase"]
[SourceDate "2016.06.21"]
[SourceVersion "1"]
[SourceVersionDate "2016.06.21"]
[SourceQuality "1"]

1. Nf3 d5 2. g3 Nf6 3. Bg2 Bf5 4. 0-0 e6 5. b3 Bd6 6. Bb2 c5 7. e3 Nc6 8. d4 cxd4 9. Nxd4 Rc8 10. Nxf5 exf5 11. Bxd5 Nxd5 12. Qxd5 Nb4 13. Qxf5 Nxc2 14. Bxg7 Rg8 15. Qxh7 Kd7 16. Nc3 Nxa1 17. Rxa1 Qe7 18. Nd5 Rxg7 19. Qxg7 Be5 20. Qg4+ Qe6 21. Qxe6+ fxe6 22. Rd1 exd5 23. Rxd5+ Ke6 24. Rd2 Rc1+ 25. Kg2 Rc7 26. h4 Kf6 27. f4 Ba1 28. g4 Rg7 29. Kf3 Bc3 30. Rh2 Ba5 31. g5+ Kf7 32. h5 Rg8 33. h6 Kg6 34. Kg4 Bb6 35. f5+ Kf7 36. h7 Rh8 37. e4 Kg7 38. f6+ Kg6 39. Rh6+ Kf7 40. Kf5 Be3 41. g6+ Ke8 42. g7 1-0

[Event "GER-ch U25-B"]
[Site "Willingen"]
[Date "2016.05.16"]
[Round "3"]
[White "Arnold, Leander"]
[Black "Roth, Ludwig"]
[Result "0-1"]
[WhiteElo "1552"]
[BlackElo "1291"]
[PlyCount "78"]
[EventDate "2016.05.15"]
[EventType "swiss"]
[EventRounds "9"]
[EventCountry "GER"]
[SourceTitle "CBM 172 Extra"]
[Source "ChessBase"]
[SourceDate "2016.06.21"]
[SourceVersion "1"]
[SourceVersionDate "2016.06.21"]
[SourceQuality "1"]

1. d4 Nf6 2. e3 g6 3. Bd3 Bg7 4. Nf3 d6 5. c3 0-0 6. Nbd2 Nbd7 7. Nf1 e5 8. Ng3 Ne8 9. e4 Nb6 10. Bg5 f6 11. Bc1 f5 12. dxe5 dxe5 13. Bc4+ Nxc4 14. Qxd8 Ncd6 15. Qh4 f4 16. Ne2 Nxe4 17. g4 N8f6 18. Nxe5 Re8 19. Bxf4 g5 20. Bxg5 Rxe5 21. Bxf6 Bxf6 22. Qh3 Ng5 23. Qd3 Bxg4 24. h3 Bxe2 25. Qxe2 Nf3+ 26. Kf1 Rxe2 27. Kxe2 Ne5 28. Kd2 Rd8+ 29. Kc2 Nf3 30. Rad1 Re8 31. Kb1 Re2 32. Rhf1 Nd2+ 33. Rxd2 Rxd2 34. Kc1 Re2 35. f4 Re3 36. Rd1 Be7 37. Rf1 Rxh3 38. f5 Kf7 39. Rf4 Bg5 0-1

[Event "GER-ch U25-B"]
[Site "Willingen"]
[Date "2016.05.15"]
[Round "1"]
[White "Nagel, Philipp"]
[Black "Roth, Ludwig"]
[Result "0-1"]
[WhiteElo "873"]
[BlackElo "1291"]
[PlyCount "74"]
[EventDate "2016.05.15"]
[EventType "swiss"]
[EventRounds "9"]
[EventCountry "GER"]
[SourceTitle "CBM 172 Extra"]
[Source "ChessBase"]
[SourceDate "2016.06.21"]
[SourceVersion "1"]
[SourceVersionDate "2016.06.21"]
[SourceQuality "1"]

1. d4 Nf6 2. f3 d5 3. Bf4 Bf5 4. Nc3 e6 5. e3 Bd6 6. Nge2 Nc6 7. Qd2 Nb4 8. Rc1 0-0 9. h4 h5 10. a3 Nc6 11. Nb5 Re8 12. c4 a6 13. Nxd6 cxd6 14. cxd5 exd5 15. Ng3 Bg6 16. Kf2 Na5 17. Rc3 b5 18. b4 Nc4 19. Qa2 Rc8 20. Be2 Rc6 21. Rhc1 Nd7 22. Bd3 Bxd3 23. Rxd3 Qxh4 24. Rh1 Qf6 25. Rxh5 Qg6 26. Rd1 Nxe3 27. Bxe3 Rc2+ 28. Qxc2 Qxc2+ 29. Rd2 Qc3 30. Re2 Qxa3 31. Nf5 Qxb4 32. Re1 g6 33. Nh6+ Kg7 34. Rh4 Nf6 35. Reh1 Qb2+ 36. Kg3 Nh5+ 37. Kh2 Rxe3 0-1

[Event "Schweinfurt op 23rd"]
[Site "Schweinfurt"]
[Date "2013.06.02"]
[Round "7"]
[White "Lachnit, Manfred"]
[Black "Roth, Ludwig"]
[Result "1/2-1/2"]
[WhiteElo "1613"]
[BlackElo "985"]
[PlyCount "150"]
[EventDate "2013.05.30"]
[EventType "swiss"]
[EventRounds "7"]
[EventCountry "GER"]
[SourceTitle "CBM 154 Extra"]
[Source "ChessBase"]
[SourceDate "2013.06.25"]
[SourceVersion "2"]
[SourceVersionDate "2013.06.25"]
[SourceQuality "1"]

1. f4 d5 2. Nf3 Nf6 3. e3 c5 4. b3 Nc6 5. Bb5 Bd7 6. Bb2 e6 7. 0-0 Be7 8. d3 0-0 9. Nbd2 a6 10. Bxc6 Bxc6 11. Ne5 Qc7 12. Ndf3 Rfd8 13. Ng5 Rf8 14. a4 h6 15. Nxc6 Qxc6 16. Nf3 b5 17. Qe2 Bd6 18. Bxf6 gxf6 19. Qf2 Kh7 20. Qh4 Be7 21. h3 Rg8 22. Nh2 d4 23. e4 Rae8 24. axb5 axb5 25. Qf2 Rg7 26. Qd2 Reg8 27. Rf2 Bd6 28. Ng4 Be7 29. Ra7 f5 30. Ne5 Qd6 31. Qa5 Bh4 32. Re2 f6 33. Ra6 Qb8 34. Nf3 Qxf4 35. Qd2 Qxd2 36. Rxd2 Bg5 37. Nxg5+ fxg5 38. Rxe6 fxe4 39. Rxe4 Rc8 40. Rf2 Ra7 41. Re6 Ra1+ 42. Kh2 Ra7 43. Rff6 c4 44. Rxh6+ Kg8 45. dxc4 bxc4 46. Rhg6+ Rg7 47. bxc4 Rxc4 48. Rxg7+ Kxg7 49. Re2 Kf6 50. g4 Rc5 51. Kg2 Re5 52. Rd2 Re4 53. Rf2+ Kg6 54. Rd2 Kf6 55. Kf2 Ke5 56. Rd3 Rf4+ 57. Kg3 Rf1 58. Rd2 Re1 59. Rf2 Ke4 60. h4 Re3+ 61. Kh2 gxh4 62. Rf7 Rg3 63. Rh7 Rxg4 64. Kh3 Rf4 65. Re7+ Kf3 66. Ra7 Ke2 67. Rc7 Rf3+ 68. Kxh4 Rc3 69. Rd7 Rc4 70. Kg3 Kd2 71. Kf3 Kxc2 72. Ke2 Kc3 73. Kd1 d3 74. Rd6 Rb4 75. Rc6+ Rc4 1/2-1/2

[Event "Schweinfurt op 23rd"]
[Site "Schweinfurt"]
[Date "2013.06.01"]
[Round "5"]
[White "Falkenstein, Johannes"]
[Black "Roth, Ludwig"]
[Result "1-0"]
[WhiteElo "1732"]
[BlackElo "985"]
[PlyCount "89"]
[EventDate "2013.05.30"]
[EventType "swiss"]
[EventRounds "7"]
[EventCountry "GER"]
[SourceTitle "CBM 154 Extra"]
[Source "ChessBase"]
[SourceDate "2013.06.25"]
[SourceVersion "2"]
[SourceVersionDate "2013.06.25"]
[SourceQuality "1"]

1. d4 d5 2. Bf4 Nf6 3. e3 e6 4. Nf3 c5 5. c4 Nc6 6. Qa4 Bd7 7. Qb3 cxd4 8. exd4 Bb4+ 9. Nc3 Ne4 10. cxd5 exd5 11. Bd3 0-0 12. 0-0 Bxc3 13. bxc3 Be6 14. Qxb7 Na5 15. Qc7 Rc8 16. Qxd8 Rfxd8 17. Rac1 Rxc3 18. Rxc3 Nxc3 19. Bd2 Rc8 20. Rc1 Bf5 21. Rxc3 Rxc3 22. Bxc3 Bxd3 23. Bxa5 Be4 24. Nd2 Kf8 25. Nxe4 dxe4 26. Kf1 Ke7 27. Ke2 Ke6 28. Ke3 Kd5 29. Bb4 a6 30. Bc5 a5 31. Kd2 Kc4 32. Kc2 g6 33. Kd2 f5 34. Ke3 g5 35. g3 Kd5 36. f4 g4 37. Kd2 Kc6 38. Kc3 Kd5 39. Bb6 a4 40. Kb4 h6 41. Kc3 h5 42. Bc5 a3 43. Bxa3 e3 44. Kd3 e2 45. Bb4 1-0

[Event "Schweinfurt op 23rd"]
[Site "Schweinfurt"]
[Date "2013.06.01"]
[Round "4"]
[White "Roth, Ludwig"]
[Black "Albert, Samuel"]
[Result "1-0"]
[WhiteElo "985"]
[BlackElo "1272"]
[PlyCount "69"]
[EventDate "2013.05.30"]
[EventType "swiss"]
[EventRounds "7"]
[EventCountry "GER"]
[SourceTitle "CBM 154 Extra"]
[Source "ChessBase"]
[SourceDate "2013.06.25"]
[SourceVersion "2"]
[SourceVersionDate "2013.06.25"]
[SourceQuality "1"]

1. d4 e6 2. e4 d5 3. e5 c5 4. c3 Nc6 5. Nf3 Qb6 6. Nbd2 cxd4 7. cxd4 Nxd4 8. Qa4+ Nc6 9. Nb3 Bd7 10. Be3 Qb4+ 11. Qxb4 Nxb4 12. Nfd4 Ne7 13. a3 Nbc6 14. Nb5 Kd8 15. Nd6 Be8 16. Nxb7+ Kd7 17. N3c5+ Kc7 18. f4 Rb8 19. Nd6 Ra8 20. Rc1 Nf5 21. Nb5+ Kc8 22. Bf2 Rb8 23. Na6 Rb7 24. g4 Nh6 25. g5 Nf5 26. Nxa7+ Kd8 27. Nxc6+ Bxc6 28. Rxc6 Rxb2 29. Bb6+ Ke8 30. Bd3 Ra2 31. 0-0 Rxa3 32. Rfc1 Ne7 33. Rd6 f6 34. Nc7+ Kf7 35. Bb5 1-0